BIBLIOTECA

SENCICO

Pautas para la evaluación de proyectos / (Registro nro. 126)

Detalles MARC
000 -LEADER
fixed length control field 00806nam a2200217Ia 4500
003 - CONTROL NUMBER IDENTIFIER
control field PE SENCICO BE
005 - DATE AND TIME OF LATEST TRANSACTION
control field 20251020182427.0
008 - FIXED-LENGTH DATA ELEMENTS--GENERAL INFORMATION
fixed length control field 200515s9999 xx 000 0 und d
040 ## - CATALOGING SOURCE
Original cataloging agency PE SENCICO BE
Transcribing agency PE SENCICO BE
041 ## - LANGUAGE CODE
Language code of text/sound track or separate title spa
082 ## - DEWEY DECIMAL CLASSIFICATION NUMBER
Classification number 658.404
Item number O6
110 1# - MAIN ENTRY--CORPORATE NAME
Corporate name or jurisdiction name as entry element Organización de las Naciones Unidas para el Desarrollo Industrial
9 (RLIN) 2265
245 10 - TITLE STATEMENT
Title Pautas para la evaluación de proyectos /
Statement of responsibility, etc. Organización de las Naciones Unidas para el Desarrollo Industrial
260 ## - PUBLICATION, DISTRIBUTION, ETC.
Place of publication, distribution, etc. Nueva York :
Name of publisher, distributor, etc. Naciones Unidas ;
Date of publication, distribution, etc. 1972
300 ## - PHYSICAL DESCRIPTION
Extent 415 p. :
Other physical details tbl. ;
Dimensions 24 cm.
490 ## - SERIES STATEMENT
Series statement Formulación y evaluación de proyectos ;
Volume/sequential designation N° 2
650 10 - SUBJECT ADDED ENTRY--TOPICAL TERM
Topical term or geographic name entry element Análisis de inversiones
9 (RLIN) 2266
650 20 - SUBJECT ADDED ENTRY--TOPICAL TERM
Topical term or geographic name entry element Evaluación de proyectos
9 (RLIN) 14
650 20 - SUBJECT ADDED ENTRY--TOPICAL TERM
Topical term or geographic name entry element Proyectos de desarrollo económico
9 (RLIN) 504
942 ## - ADDED ENTRY ELEMENTS (KOHA)
Koha item type Libros
Source of classification or shelving scheme Dewey Decimal Classification
Existencias
Fecha de la última vez que lo usaron Número de ingreso o de inventario Pago total Signatura topográfica completa Código de barras Precio efectivo desde Tipo de documento Estado perdido Sistema de clasificación Estado dañado No es para préstamo Retirado Ubicación permanente Ubicación actual Fecha de adquisición
15/05/2020 8572   658.404/O6 BibLima24060016 15/05/2020 Libros   Dewey Decimal Classification       Biblioteca Central Lima Biblioteca Central Lima 15/05/2020